000 00371nam a2200169Ia 4500
001 11991
003 IN-NITTTR
005 20251114233112.0
008 251113s9999||||xx |||||||||||||| ||eng||
040 _beng
040 _cIN-NITTTR
041 _aeng
082 _a671.253 U8P
100 _aUpton, B.
245 0 _aPressure diecasting /
_cUpton, B.
942 _2ddc
_cBK
999 _c14627
_d14627